The Boys: Supes Quiz - Statistics

General Stats
  • This quiz has been taken 3,084 times
    3,055 since last reset
  • The average score is 14 of 31
Answer Stats
Season(s) Affliation Powers Supe % Correct
I-III The Seven Superhuman strength, heat vision, flight, invulnerability Homelander
100%
I-III Super speed A Train
97%
I-III The Deep
97%
I-III Starlight
92%
I-III Superhuman strength, speed, agility Black Noir
88%
I Invisibility Translucent
84%
I-III Queen Maeve
82%
Payback Soldier Boy
76%
II-III Stormfront
67%
I, I, III The Boys Superhuman strength, durability, speed and reflexes Kimiko Miyashiro
59%
Pyrokinesis Lamplighter
58%
III Sonic clap Supersonic
42%
I Claw retraction Popclaw
40%
Crimson Countess
36%
Gunpowder
35%
II Sage Grove Center Prehensile Penis Love Sausage
31%
TNT Twins
31%
I Capes for Christ Elasticity Ezekiel
30%
II, III Molecular Combustion Victoria Neuman
30%
I, II, III Heat vision Ryan Butcher
29%
I, II Super speed Shockwave
24%
III Size reduction Termite
23%
Mindstorm
22%
I Telepathy Mesmer
21%
I, II Shapeshifting Doppelganger
17%
Swatto
17%
II Telekinesis Cindy
15%
Eagle the Archer
12%
II Superhuman hearing, agility and reflexes Blindspot
11%
I, II Shining Light Liberation Army Telekinesis Kenji Miyashiro
11%
II Regenerative healing factor, pain supression Gecko
9%
No matching quizzes found
Score Distribution
Percent of People with Each Score
Percentile by Number Answered
Your Score History
You have not taken this quiz since the last reset